<?xml version="1.0" encoding="UTF-8"?><?xml-stylesheet type="text/xsl" href="static/style.xsl"?><OAI-PMH xmlns="http://www.openarchives.org/OAI/2.0/" xmlns:xsi="http://www.w3.org/2001/XMLSchema-instance" xsi:schemaLocation="http://www.openarchives.org/OAI/2.0/ http://www.openarchives.org/OAI/2.0/OAI-PMH.xsd"><responseDate>2026-04-14T06:15:24Z</responseDate><request verb="GetRecord" identifier="oai:www.recercat.cat:20.500.12328/3484" metadataPrefix="marc">https://recercat.cat/oai/request</request><GetRecord><record><header><identifier>oai:recercat.cat:20.500.12328/3484</identifier><datestamp>2025-05-16T12:49:48Z</datestamp><setSpec>com_2072_67741</setSpec><setSpec>col_2072_484355</setSpec></header><metadata><record xmlns="http://www.loc.gov/MARC21/slim" xmlns:dcterms="http://purl.org/dc/terms/" xmlns:xsi="http://www.w3.org/2001/XMLSchema-instance" xmlns:doc="http://www.lyncode.com/xoai" xsi:schemaLocation="http://www.loc.gov/MARC21/slim http://www.loc.gov/standards/marcxml/schema/MARC21slim.xsd">
   <leader>00925njm 22002777a 4500</leader>
   <datafield ind2=" " ind1=" " tag="042">
      <subfield code="a">dc</subfield>
   </datafield>
   <datafield ind2=" " ind1=" " tag="720">
      <subfield code="a">Al Zoubi, Abdel Rahman Ghalib</subfield>
      <subfield code="e">author</subfield>
   </datafield>
   <datafield ind2=" " ind1=" " tag="260">
      <subfield code="c">2022</subfield>
   </datafield>
   <datafield ind2=" " ind1=" " tag="520">
      <subfield code="a">Regionally, Jordan is considered one of the most refugee-welcoming countries, as today it hosts around three million refugees and asylum seekers. This situation puts cities in confrontation with accommodating these populations, whether it is in informal urban settlements or emergency planned camps. As a result, they are a burden to the existing social and urban infrastructure and natural resources to cope with refugees’ needs, which might hinder the national development plans, thus elevating the vulnerability of the cities and their dwellers to low-level hazards. The focus of this research is to advance an understanding of Disaster Risk Reduction frameworks that comply with refugee camp design and informal camp settlements. The research method consisted of an extensive review of relevant literature on Disaster Risk Reduction frameworks, camp design guidelines, coupled with a context-based review of case studies. The latter is based on comparative analysis of informal camp - protracted settlement within the urban fabric - and emergency camp - planned campsite in a remote area - in Jordan. The findings from this research show that refugee camp design parameters do not adequately represent Disaster Risk Reduction strategies, specifically in the informal camps. Also that introducing them in initial camp planning stages with including the local-based knowledge of disasters could benefit their sustainable urban upgrading, and raise their preparedness and risk mitigation profile.</subfield>
   </datafield>
   <datafield ind1="8" ind2=" " tag="024">
      <subfield code="a">http://hdl.handle.net/20.500.12328/3484</subfield>
   </datafield>
   <datafield tag="653" ind2=" " ind1=" ">
      <subfield code="a">Refugee camps</subfield>
   </datafield>
   <datafield tag="653" ind2=" " ind1=" ">
      <subfield code="a">Refugess</subfield>
   </datafield>
   <datafield tag="653" ind2=" " ind1=" ">
      <subfield code="a">Palestinian arab</subfield>
   </datafield>
   <datafield tag="653" ind2=" " ind1=" ">
      <subfield code="a">Jordan</subfield>
   </datafield>
   <datafield tag="653" ind2=" " ind1=" ">
      <subfield code="a">Risk</subfield>
   </datafield>
   <datafield tag="653" ind2=" " ind1=" ">
      <subfield code="a">Disasters</subfield>
   </datafield>
   <datafield tag="653" ind2=" " ind1=" ">
      <subfield code="a">Camps de refugiats</subfield>
   </datafield>
   <datafield tag="653" ind2=" " ind1=" ">
      <subfield code="a">Refugis</subfield>
   </datafield>
   <datafield tag="653" ind2=" " ind1=" ">
      <subfield code="a">Àrab palestí</subfield>
   </datafield>
   <datafield tag="653" ind2=" " ind1=" ">
      <subfield code="a">Jordània</subfield>
   </datafield>
   <datafield tag="653" ind2=" " ind1=" ">
      <subfield code="a">Risc</subfield>
   </datafield>
   <datafield tag="653" ind2=" " ind1=" ">
      <subfield code="a">Desastres</subfield>
   </datafield>
   <datafield tag="653" ind2=" " ind1=" ">
      <subfield code="a">Campos de refugiados</subfield>
   </datafield>
   <datafield tag="653" ind2=" " ind1=" ">
      <subfield code="a">Refugiados</subfield>
   </datafield>
   <datafield tag="653" ind2=" " ind1=" ">
      <subfield code="a">Árabe palestino</subfield>
   </datafield>
   <datafield tag="653" ind2=" " ind1=" ">
      <subfield code="a">Jordán</subfield>
   </datafield>
   <datafield tag="653" ind2=" " ind1=" ">
      <subfield code="a">Riesgo</subfield>
   </datafield>
   <datafield tag="653" ind2=" " ind1=" ">
      <subfield code="a">Desastres</subfield>
   </datafield>
   <datafield ind2="0" ind1="0" tag="245">
      <subfield code="a">Assessing disaster risk reduction in refugee camp design: the case of Al-Wehdat and Azraq refugee camps in Jordan</subfield>
   </datafield>
</record></metadata></record></GetRecord></OAI-PMH>